| 000 | 00642nam a2200169 a 4500 | ||
|---|---|---|---|
| 001 | 000047035 | ||
| 005 | 20201002053314.0 | ||
| 008 | 180412s2016 dr 000 0 spa d | ||
| 020 | _a9789945124095 | ||
| 040 |
_aDO-SdBNP _bspapa _cBNPHU |
||
| 082 |
_axxx _bB453i 6a. |
||
| 100 | 1 |
_aBeltré Ferreras, Hayser Jacquelín _974889 |
|
| 245 | 1 | 0 |
_aInformática 6 primaria (Las TICs por competencias) : _blibro para el desarrollo de habilidades digitales en los alumnos de educación primaria / _cHayser Jacquelín Beltré Ferreras. |
| 260 |
_aSanto Domingo : _bSusaeta, _c2016. |
||
| 300 |
_a80p. : _bil. ; _c29 cm. |
||
| 590 | _aInventariado, 2018/MFF | ||
| 999 |
_c46523 _d46523 |
||